| 000 | 00414nam a2200169 a 4500 | ||
|---|---|---|---|
| 001 | 29017 | ||
| 005 | 20180713232010.0 | ||
| 008 | 140415s1980 mx 000 0 spa d | ||
| 041 | _aspa | ||
| 082 |
_a883 _bHOM |
||
| 100 | 1 | _aHOMERO | |
| 245 | 1 | 3 | _aLA ILIADA |
| 250 | _a1a ed. | ||
| 260 |
_aMEXICO : _bHOMERO HECTOR CONTRERAS PULIDO, _c1980 |
||
| 300 |
_a95 _c6 x 1 x 9 |
||
| 650 | 1 | 4 | _aLITERATURA |
| 999 |
_c29017 _d29017 |
||